oIL AND gAS in NIGERIA (Record no. 33154)

MARC details
000 -LEADER
fixed length control field 00374nam a2200169Ia 4500
020 ## - INTERNATIONAL STANDARD BOOK NUMBER
ISBN 9780231331
050 ## - CALL MARK
Classification number KP 107 .O5/
100 ## - STATEMENT OF RESPONSIBILITY--MAIN AUTHOR NAME
Personal name Omorogbe, Yinka
245 #0 - TITLE STATEMENT
Title oIL AND gAS in NIGERIA
260 ## - PUBLICATION, DISTRIBUTION, ETC. (IMPRINT)
Place of publication Lagos
260 ## - PUBLICATION, DISTRIBUTION, ETC. (IMPRINT)
Name of publisher Malthousei
260 ## - PUBLICATION, DISTRIBUTION, ETC. (IMPRINT)
Year of publication 2001
300 ## - PHYSICAL DESCRIPTION
Number of Pages 208 p
942 ## - ADDED ENTRY ELEMENTS (KOHA)
Koha item type Books
Holdings
Withdrawn status Lost status Source of classification or shelving scheme Damaged status Not for loan Permanent Location Current Location Shelving location Date acquired Accession Number Price effective from Koha item type
    Library of Congress Classification     Law Library Law Library Items on shelf 04/23/2025 0190926 04/23/2025 Books